| 000 | 00653nam a22002537a 4500 | ||
|---|---|---|---|
| 001 | BS2023000645 | ||
| 003 | BR-BrBNA | ||
| 005 | 20231215124709.0 | ||
| 008 | 231215b bl.||||| |||| 00| 0 por d | ||
| 020 | _a85-86077-28-3 | ||
| 040 |
_aBR-BrBNA _bpor |
||
| 041 | _apor | ||
| 072 | _aB59 | ||
| 100 |
_4aut. _aFerraz, Kátia |
||
| 245 |
_aA Abadia / _cKátia Ferraz pelo espírito François |
||
| 260 |
_aSobradinho, DF : _bEdicel, _c2003. |
||
| 300 | _a210 p. | ||
| 650 | _aESCRITOS PSICOGRAFADOS | ||
| 650 | _aESPIRITISMO | ||
| 650 | _aROMANCES MEDIÚNICOS | ||
| 909 |
_a202312 _bAna Lívia |
||
| 942 | _cBK | ||
| 999 |
_c260054 _d260054 |
||